000 00321nam a22001217a 4500
008 160428b xxu||||| |||| 00| 0 eng d
020 _a9780805356229
020 _a0805356223
041 _aeng
080 _a618.2
245 _aMaternal newborn nursing care:
_cPatricia Wieland Ladewig; Marcia L. London;
942 _2udc
_cBK
999 _c1657
_d1657